[Event "Voronezh-ch sf op"]
[Site "Voronezh"]
[Date "2010.02.14"]
[Round "5.13"]
[White "Volk, Sergey"]
[Black "Zolotukhin, Alexander"]
[Result "1-0"]
[WhiteElo "2017"]
[BlackElo "1711"]
[PlyCount "65"]
[EventDate "2010.02.10"]
[EventType "swiss"]
[EventRounds "9"]
[EventCountry "RUS"]
[SourceTitle "EXT 2022"]
[Source "ChessBase"]
[SourceDate "2021.10.06"]
[SourceVersion "1"]
[SourceVersionDate "2021.10.06"]
[SourceQuality "1"]

1. d4 c5 2. c4 Nf6 3. Nc3 cxd4 4. Qxd4 Nc6 5. Qd2 e6 6. g3 d5 7. cxd5 exd5 8. Bg2 d4 9. Nb1 Nd5 10. a3 Be7 11. Nf3 Bf6 12. 0-0 0-0 13. Qd3 Bg4 14. Nbd2 Bxf3 15. Qxf3 Nde7 16. Ne4 Be5 17. Rd1 Bc7 18. Qh5 g6 19. Nf6+ Kg7 20. Qh6+ Kxf6 21. Bg5+ Ke6 22. Bh3+ f5 23. e4 Kd6 24. exf5 Nxf5 25. Bxf5 Qe8 26. Bf4+ Ne5 27. Rxd4+ Kc5 28. Bxe5 Qxe5 29. Rc1+ Kb6 30. Rb4+ Ka5 31. Qd2 Rad8 32. Bd7 Rxd7 33. Qxd7 1-0

[Event "Voronezh Region-ch Seniors"]
[Site "Voronezh"]
[Date "2009.11.23"]
[Round "4.6"]
[White "Zolotukhin, Alexander"]
[Black "Koshelev, Vladimir1"]
[Result "1/2-1/2"]
[WhiteElo "1673"]
[BlackElo "1956"]
[PlyCount "51"]
[EventDate "2009.11.20"]
[EventType "swiss"]
[EventRounds "9"]
[EventCountry "RUS"]
[SourceTitle "EXT 2022"]
[Source "ChessBase"]
[SourceDate "2021.10.06"]
[SourceVersion "1"]
[SourceVersionDate "2021.10.06"]
[SourceQuality "1"]

1. e4 c5 2. Nf3 Nc6 3. d4 cxd4 4. Nxd4 e5 5. Nxc6 bxc6 6. Bc4 Ba6 7. Nd2 Qa5 8. 0-0 Nf6 9. Bxa6 Qxa6 10. Nf3 d6 11. Re1 Rb8 12. a4 Rb4 13. Bg5 Rxe4 14. Qd2 Rxe1+ 15. Rxe1 Be7 16. Nxe5 dxe5 17. Rxe5 Nd5 18. Bxe7 Nxe7 19. Qb4 0-0 20. Rxe7 c5 21. Qxc5 Qxa4 22. Re1 h6 23. b3 Qd7 24. c4 Rb8 25. h3 Rxb3 26. Re7 1/2-1/2